| 000 | 00496nam a2200169Ia 4500 | ||
|---|---|---|---|
| 005 | 20250423101309.0 | ||
| 008 | 250422s9999 xx 000 0 und d | ||
| 020 | _a1- 55623- 030- 3 | ||
| 050 | _aTK 5102.5 .G73/ | ||
| 100 | _aJames Harry Green | ||
| 245 | 4 | _aThe Irwin handbook of telecommunications management | |
| 260 | _bIRWIN professional publishing | ||
| 260 | _c1989 | ||
| 300 | _a669 p | ||
| 650 | _aBusiness- communication systems- management- handbooks, manual, etc | ||
| 942 | _cBK | ||
| 999 |
_c35891 _d35891 |
||